🎶 Paroles "Mon frère" (Les 10 commandements) - Statistiques

Statistiques générales
  • Ce quiz a Ă©tĂ© pris 54 fois
  • Le rĂ©sultat moyen est 239 sur 299
Statistiques - réponses
Mots % Correct
frère
100%
frère....
100%
frère...
100%
Mon
100%
Ă 
97%
A
97%
C'
94%
l'
94%
L'
94%
n'
94%
s'
94%
d'
92%
D'
92%
est
92%
la
92%
le
92%
nous
89%
qu'
89%
Que
89%
que
89%
un
89%
de
86%
et
86%
ne
86%
qui
86%
en
83%
En
83%
il
83%
se
83%
jour
81%
les
81%
Les
81%
pas
81%
tout
81%
Tout
81%
une
81%
va
81%
ai
78%
amour
78%
autre
78%
avec
78%
Bien
78%
des
78%
jamais
78%
on
78%
pour
78%
sa
78%
sûr
78%
vie
78%
aimer
75%
peine
75%
plus
75%
temps
75%
vient
75%
ce
72%
Chacun
72%
moitié
72%
moitié,
72%
oublie
72%
reste
72%
toujours
72%
apprenne
69%
dit
69%
faire...
69%
faire....
69%
lendemain
69%
quand
69%
sera
69%
souvenirs
69%
aura
67%
cette
67%
ciel
64%
enlever
64%
mer
64%
notre
64%
peut
64%
puisqu'
64%
Puisqu'
64%
rien
64%
chavire
61%
éteint
61%
fin
61%
perd
61%
pourra
61%
reprenne
61%
éloigne
58%
étoiles
58%
meurent
58%
regard
58%
décider
56%
dernier
56%
pluie
56%
rivière
56%
tarie
56%
courant
53%
espoir
53%
rives
53%
source
53%
enterre
50%
grandir
50%
ouvre
50%
terre
50%
charrie
47%
trouvera
47%
brûlée
44%
cri
42%
monde
42%
supplie
39%
accorder
31%
Aucun quiz correspondant
Distribution des résultats
% des personnes avec chaque résultat
Percentile par nombre de réponses
Votre historique - résultats
Vous n’avez pas pris ce quiz